| 000 | 00696nam a22002417a 4500 | ||
|---|---|---|---|
| 005 | 20170124110205.0 | ||
| 010 | _aB-162164 | ||
| 020 |
_a8121926114 _c00.00 |
||
| 035 | _aB-162164 | ||
| 037 | _bCen Lib/Ret | ||
| 040 |
_aDPL _bEN |
||
| 082 |
_a535 _bSUB |
||
| 100 |
_aSubrahmanyam, N _937198 |
||
| 245 |
_aA textbook of optics / _cby N. Subrahmanyam [and] Brij Lal |
||
| 260 |
_aNew Delhi _bSultan Chand & Company _c2004 |
||
| 270 |
_aram nagar _bNew Delhi _e110055 |
||
| 300 |
_axx, 668p.: _c21cm(Hb) _bill. |
||
| 500 | _aIncludes appendix | ||
| 650 |
_aPhysics _9112213 |
||
| 650 |
_aOpticals _937200 |
||
| 700 |
_aBrij Lal _937201 |
||
| 942 |
_2ddc _cEN _h535 _mSUB |
||
| 999 |
_c133213 _d133213 |
||